| 000 | 00358nam a22001457a 4500 | ||
|---|---|---|---|
| 003 | OSt | ||
| 005 | 20160727222546.0 | ||
| 008 | 160713b xxu||||| |||| 00| 0 eng d | ||
| 040 | _cGerman Dictionary | ||
| 100 |
_92774 _aGerman Dictionary |
||
| 245 | _aGerman Dictionary | ||
| 260 |
_aG.B Harper Collins _c1999 |
||
| 300 | _aGerman Dictionary | ||
| 942 |
_2ddc _cBK |
||
| 999 |
_c2397 _d2397 |
||